IL MILIONE. ENCICLOPEDIA. GEOGRAFIA. VOL. IX. USI E COSTUMI BELLE ARTI STORIA CULTURA. ASIA. (Record n. 299093)
[ formato base ]
| 000 -LEADER | |
|---|---|
| fixed length control field | 01258nam a2200229Ia 4500 |
| 001 - CONTROL NUMBER | |
| control field | L910-40118 |
| 003 - CONTROL NUMBER IDENTIFIER | |
| control field | IT-CnALBA |
| 008 - FIXED-LENGTH DATA ELEMENTS--GENERAL INFORMATION | |
| fixed length control field | 170116s9999||||xx |||||||||||||| ||und|| |
| 040 ## - CATALOGING SOURCE | |
| Original cataloging agency | IT-CnALBA |
| Transcribing agency | IT-CnALBA |
| 041 ## - LANGUAGE CODE | |
| Language code of text/sound track or separate title | ITALIANO |
| 999 ## - SYSTEM CONTROL NUMBERS (KOHA) | |
| Koha Dewey Subclass [OBSOLETE] | NO |
| 100 ## - MAIN ENTRY--PERSONAL NAME | |
| Personal name | CURATO FEDERICO |
| 245 #0 - TITLE STATEMENT | |
| Title | IL MILIONE. ENCICLOPEDIA. GEOGRAFIA. VOL. IX. USI E COSTUMI BELLE ARTI STORIA CULTURA. ASIA. |
| 250 ## - EDITION STATEMENT | |
| Edition statement | 1a ed. |
| 260 ## - PUBLICATION, DISTRIBUTION, ETC. (IMPRINT) | |
| Place of publication, distribution, etc. | NOVARA |
| Name of publisher, distributor, etc. | DE AGOSTINI ISTITUTO GEOGR. |
| Date of publication, distribution, etc. | 1962 [1° Ed.:1962 - Ed.Ling.Originale: 1962] |
| 300 ## - PHYSICAL DESCRIPTION | |
| Extent | 687 p. |
| 500 ## - GENERAL NOTE | |
| General note | VALSECCHI M. PORZIO D. BONAPACE U. SORMANI G. GEDDO O. COLLABORATORI REDATTORI. VIETNAM MALESIA. SINGAPORE. ARCIPELAGO INDONESIANO. INDONESIA. BORNEO BRITANNICO. TIMOR. FILIPPINE. ARCIPELAGO GIAPPONESE. GIAPPONE. ISOLE RYUKYU. SINTESI DEL CONTINENTE. ELEN |
| 501 ## - WITH NOTE | |
| With note | Società San Paolo EM - Piazza San Paolo, 14 - 12051 ALBA (CN) (non commercial uses only) ® Copyright 2017 |
| 520 ## - SUMMARY, ETC. | |
| Summary, etc. | VALSECCHI M. PORZIO D. BONAPACE U. SORMANI G. GEDDO O. COLLABORATORI REDATTORI. VIETNAM MALESIA. SINGAPORE. ARCIPELAGO INDONESIANO. INDONESIA. BORNEO BRITANNICO. TIMOR. FILIPPINE. ARCIPELAGO GIAPPONESE. GIAPPONE. ISOLE RYUKYU. SINTESI DEL CONTINENTE. ELEN |
| 650 ## - SUBJECT ADDED ENTRY--TOPICAL TERM | |
| Topical term or geographic name as entry element | DIZIONARI GEOGRAFICI |
| 942 ## - ADDED ENTRY ELEMENTS (KOHA) | |
| Koha item type | LIBRO |
| 957 ## - | |
| -- | 1 |
| 999 ## - SYSTEM CONTROL NUMBERS (KOHA) | |
| -- | Copie: 1 |
| Withdrawn status | Lost status | Damaged status | Not for loan | Home library | Current library | Date acquired | Total Checkouts | Full call number | Date last seen | Price effective from | Koha item type | Public note |
|---|---|---|---|---|---|---|---|---|---|---|---|---|
| Buone Condizioni | Not For Loan | ALBA - Biblioteca | ALBA - Biblioteca | 16/01/2017 | L910-40118 | 16/01/2017 | 16/01/2017 | LIBRO | (data import: 16 gennaio 2017) - By Epidotti, Vaglietti. |